000 00459nam a2200181Ia 4500
001 14777
005 20260306164939.0
008 260306t2006||||xx |||||||||||||| ||spa||
041 _aESP
082 _a519.2
_bM77
100 _aMontgomery, Douglas C.
_eAUT
245 0 _aProbabilidad y estadística aplicadas a la ingeniería
260 _c2006
300 _axvi, 817 páginas :
_c24 cm.
650 _aGEN
654 _aCMA
942 _cLIB
_dJUS
_fJUS
_2ddc
_n
999 _c14777
_d14777